[Event "Staatsliga B/Ost"]
[Site "Lackenbach"]
[Date "1998.10.17"]
[Round "1.1"]
[White "Schweda, Roland"]
[Black "Lanc, Alois"]
[Result "1/2-1/2"]
[WhiteElo "2370"]
[BlackElo "2405"]
[PlyCount "213"]
[EventDate "1998.10.17"]

1. d4 f5 2. g3 g6 3. Bg2 Nf6 4. c3 Bg7 5. Nh3 c6 6. Nd2 d6 7. Nf3 Be6 8. Nf4
Bg8 9. O-O Nbd7 10. Ng5 Nf8 11. Nd3 h6 12. Nf3 Qc7 13. Re1 N8d7 14. Nd2 d5 15.
Nf3 Ne4 16. Bf4 Qb6 17. Nfe5 Nf8 18. Qb3 g5 19. Be3 Bf6 20. f3 Nd6 21. Bf2 h5
22. Rac1 Ne6 23. f4 h4 24. e3 hxg3 25. hxg3 Ne4 26. Qxb6 axb6 27. a3 Ng7 28.
fxg5 Bxg5 29. Bf3 Rh6 30. Kg2 Rf6 31. Nf4 O-O-O 32. Rh1 Bf7 33. Be2 Rg8 34. Rh3
Bxf4 35. exf4 Ne8 36. Bh5 N8d6 37. Rc2 Nc4 38. Kf3 Ned2+ 39. Kg2 Ne4 40. Be2 b5
41. Bxc4 dxc4 42. Rc1 Bh5 43. Kg1 Nd2 44. Rd1 Nf3+ 45. Nxf3 Bxf3 46. Re1 Be4
47. Re2 Rgg6 48. Be1 Kc7 49. Rh7 Re6 50. Kf2 Rg8 51. Re3 Kb6 52. Ke2 Ka5 53.
Kd2 Ka4 54. Kc1 Kb3 55. Rh5 Rgg6 56. Rh4 b6 57. Rh2 c5 58. Rh8 Rd6 59. Rh7 Rge6
60. Rh2 Rd5 61. Rh8 Rg6 62. Rh2 Rd7 63. Rd2 Rdd6 64. Rh2 Rg7 65. Rh8 Ka4 66.
Rh2 Rgg6 67. dxc5 bxc5 68. Rd2 Kb3 69. Ree2 Rh6 70. g4 Bd3 71. g5 Rhe6 72. Rxe6
Rxe6 73. Bf2 Re4 74. Bxc5 Rxf4 75. Bxe7 Rg4 76. Rf2 Be4 77. Bb4 Rxg5 78. Kd2
Rg3 79. Ke2 Kxb2 80. Kd2 Rd3+ 81. Ke2 Kc1 82. Rf1+ Kc2 83. Rf2 Rh3 84. Ke1+ Kc1
85. Rf1 Bd3 86. Rf4 Kc2 87. Rd4 Be4 88. Rd8 f4 89. Rf8 f3 90. Kf2 Rh2+ 91. Ke3
Re2+ 92. Kf4 Bc6 93. Rf6 Bd5 94. Rf5 Be4 95. Rf8 Kd2 96. Rf6 Ke1 97. Bc5 Bd5
98. Kg3 Rg2+ 99. Kh3 Rg8 100. Kh4 Ke2 101. Rf5 Be4 102. Rf7 Kd3 103. Bd4 Ra8
104. Kg3 Rxa3 105. Bh8 Ra2 106. Be5 Rg2+ 107. Kh4 1/2-1/2

[Event "Staatsliga B/Ost"]
[Site "Lackenbach"]
[Date "1998.10.17"]
[Round "1.2"]
[White "Sommerbauer, Norbert"]
[Black "Stranz, Richard"]
[Result "1/2-1/2"]
[WhiteElo "2400"]
[BlackElo "2255"]
[PlyCount "96"]
[EventDate "1998.10.17"]

1. Nf3 d5 2. c4 c6 3. d4 Nf6 4. Qc2 g6 5. Nc3 Bg7 6. Bg5 O-O 7. e3 Be6 8. cxd5
Nxd5 9. Be2 Nd7 10. e4 Nxc3 11. bxc3 h6 12. Be3 Qc7 13. O-O Nf6 14. h3 Rad8 15.
Rfe1 Kh7 16. c4 Bc8 17. Rac1 c5 18. d5 e5 19. Bd2 Ne8 20. Bc3 f6 21. Bf1 Nd6
22. g3 Rde8 23. Qb2 b6 24. a4 f5 25. exf5 Rxf5 26. Nd2 e4 27. Bxg7 Qxg7 28.
Qxg7+ Kxg7 29. a5 Rfe5 30. axb6 axb6 31. Rb1 b5 32. cxb5 Rxd5 33. Rb2 Bb7 34.
b6 Rde5 35. Nc4 Nxc4 36. Bxc4 e3 37. Ra1 exf2+ 38. Kxf2 Rf5+ 39. Kg1 Re7 40.
Rf2 Rxf2 41. Kxf2 Kf6 42. Ra7 g5 43. g4 Re4 44. Rxb7 Rxc4 45. Rh7 Kg6 46. b7
Rb4 47. Rc7 Kf6 48. Ke3 Kg6 1/2-1/2

[Event "Staatsliga B/Ost"]
[Site "Lackenbach"]
[Date "1998.10.17"]
[Round "1.3"]
[White "Ranits, Franz"]
[Black "Steiner, Heinz"]
[Result "1-0"]
[WhiteElo "2220"]
[BlackElo "2160"]
[PlyCount "159"]
[EventDate "1998.10.17"]

1. e4 c5 2. c3 Nf6 3. e5 Nd5 4. d4 cxd4 5. cxd4 e6 6. Nf3 d6 7. a3 Nc6 8. Bd3
dxe5 9. dxe5 Be7 10. O-O g5 11. Re1 g4 12. Nfd2 Nf4 13. Bf1 Ng6 14. Qxg4 Ncxe5
15. Qg3 Bh4 16. Qb3 Bd7 17. Ne4 Bc6 18. Nbc3 O-O 19. Be3 Be7 20. h3 Qa5 21. Bh6
Rfd8 22. Rad1 Rxd1 23. Qxd1 Rd8 24. Qc2 b5 25. Rd1 Rxd1 26. Qxd1 b4 27. axb4
Qxb4 28. Qc2 Qd4 29. Be3 Qd7 30. Qb3 Kg7 31. Qb8 Nd3 32. b3 a5 33. Qb6 Bb4 34.
Bd4+ e5 35. Be3 Ndf4 36. Nc5 Qe8 37. N3e4 Nd5 38. Qa7 Nxe3 39. fxe3 Bd5 40. Qb6
Qe7 41. Nd6 Qg5 42. Nce4 Bxe4 43. Nxe4 Qe7 44. g4 Nf8 45. Ng3 Qe6 46. Nf5+ Kg8
47. Qd8 h6 48. Bc4 Qg6 49. Qe8 Kh8 50. Bxf7 Qf6 51. Bc4 Kh7 52. Bd3 Kg8 53. Qh5
Ne6 54. Nxh6+ Kf8 55. Bb5 Ng7 56. g5 Nxh5 57. gxf6 Nxf6 58. Kg2 Ne4 59. Bc6 Nd2
60. Bd5 Ke7 61. Ng4 Bc3 62. h4 Kf8 63. h5 Kg7 64. Kf2 e4 65. Kg3 Bb4 66. Kf4
Bd6+ 67. Kf5 Nf1 68. h6+ Kh7 69. Kxe4 Ng3+ 70. Kf3 Nh5 71. Be4+ Kh8 72. Bg6 Ng3
73. e4 Nf1 74. e5 Be7 75. Ke2 Ng3+ 76. Kd3 Bg5 77. e6 Nf1 78. Ne5 Bf6 79. Nf7+
Kg8 80. e7 1-0

[Event "Staatsliga B/Ost"]
[Site "Lackenbach"]
[Date "1998.10.17"]
[Round "1.4"]
[White "Steinwender, Peter"]
[Black "Krpelan, Wolfgang"]
[Result "1/2-1/2"]
[WhiteElo "2125"]
[BlackElo "2190"]
[PlyCount "58"]
[EventDate "1998.10.17"]

1. e4 c5 2. Nf3 d6 3. d4 cxd4 4. Nxd4 Nf6 5. Nc3 Nc6 6. Bc4 e6 7. Bb3 a6 8. f4
Qa5 9. O-O Nxd4 10. Qxd4 Qc5 11. Qxc5 dxc5 12. e5 Nd7 13. a4 b6 14. Be3 Bb7 15.
Rad1 g6 16. Bf2 Be7 17. Rfe1 Bc6 18. Bc4 O-O 19. b3 Rfd8 20. Re2 Kf8 21. Red2
Ke8 22. Be3 Nb8 23. Rxd8+ Bxd8 24. Kf2 Ra7 25. g4 Rd7 26. Rxd7 Kxd7 27. g5 Be7
28. Bd3 Kc7 29. h4 Bb7 1/2-1/2

[Event "Staatsliga B/Ost"]
[Site "Lackenbach"]
[Date "1998.10.17"]
[Round "1.1"]
[White "Lau, Ralph"]
[Black "Koutsin, Sergej"]
[Result "1/2-1/2"]
[WhiteElo "2445"]
[BlackElo "2415"]
[PlyCount "42"]
[EventDate "1998.10.17"]

1. e4 e6 2. d4 d5 3. exd5 exd5 4. c4 Nf6 5. Nc3 Bb4 6. Bd3 O-O 7. Nge2 dxc4 8.
Bxc4 Nbd7 9. O-O Nb6 10. Bb3 c6 11. h3 Nbd5 12. a3 Ba5 13. Qd3 Qd6 14. Rd1 Bc7
15. Ng3 Be6 16. Bc2 Rfe8 17. Bg5 Nf4 18. Qf3 Bd5 19. Qxf4 Qxf4 20. Bxf4 Bxf4
21. Nxd5 Nxd5 1/2-1/2

[Event "Staatsliga B/Ost"]
[Site "Lackenbach"]
[Date "1998.10.17"]
[Round "1.2"]
[White "Miniboeck, Guenter"]
[Black "Plachetka, Jan"]
[Result "0-1"]
[WhiteElo "2350"]
[BlackElo "2400"]
[PlyCount "66"]
[EventDate "1998.10.17"]

1. d4 Nf6 2. c4 c5 3. d5 b5 4. cxb5 a6 5. f3 axb5 6. e4 Qa5+ 7. Bd2 b4 8. Na3
d6 9. Nc4 Qd8 10. Bd3 g6 11. Ne2 Bg7 12. a3 bxa3 13. Rxa3 Rxa3 14. bxa3 O-O 15.
O-O e6 16. dxe6 Bxe6 17. Nf4 Nc6 18. Bc3 Nd4 19. Re1 Nd7 20. Ba5 Qg5 21. Bd2
Bxc4 22. Bxc4 Ne5 23. Be2 Rb8 24. Kh1 Rb2 25. Bc1 Ra2 26. Ne6 Qh4 27. Nxg7
Nexf3 28. Bxf3 Nxf3 29. Bf4 Qxe1+ 30. Qxe1 Nxe1 31. Ne8 Nd3 32. g3 Nxf4 33.
gxf4 c4 0-1

[Event "Staatsliga B/Ost"]
[Site "Lackenbach"]
[Date "1998.10.17"]
[Round "1.3"]
[White "Hangweyrer, Manfred"]
[Black "Sulyok, Michael"]
[Result "0-1"]
[WhiteElo "2370"]
[BlackElo "2270"]
[PlyCount "53"]
[EventDate "1998.10.17"]

1. Nf3 Nf6 2. c4 c6 3. g3 d5 4. Bg2 Bf5 5. O-O e6 6. cxd5 exd5 7. d3 Be7 8.
Nbd2 h6 9. b3 O-O 10. Bb2 Nbd7 11. Qc2 Bh7 12. Rac1 Re8 13. Rfe1 Bc5 14. Qd1
Bxf2+ 15. Kh1 Bxe1 16. Qxe1 Bxd3 17. Nd4 c5 18. Qf2 Ba6 19. Nf5 Rxe2 20. Qf4
Qb8 21. Qh4 Rxd2 22. Nxh6+ gxh6 23. Bxf6 Nxf6 24. Qxf6 Qf8 25. Qf4 Rd4 26. Qf5
Bd3 27. Qd7 0-1

[Event "Staatsliga B/Ost"]
[Site "Lackenbach"]
[Date "1998.10.17"]
[Round "1.4"]
[White "Eibersberger, Manfred"]
[Black "Vokroj, Rene"]
[Result "0-1"]
[WhiteElo "2165"]
[BlackElo "2285"]
[PlyCount "40"]
[EventDate "1998.10.17"]

1. e4 Nc6 2. Nf3 d6 3. d4 Nf6 4. Nc3 Bg4 5. Be3 e5 6. Bb5 exd4 7. Bxc6+ bxc6 8.
Qxd4 Be7 9. Qa4 Bd7 10. e5 Ng4 11. Bf4 O-O 12. O-O d5 13. h3 Nh6 14. Bxh6 gxh6
15. Nd4 Kh8 16. Qa6 Bc5 17. Qd3 Qh4 18. Rad1 Rg8 19. e6 fxe6 20. Nf3 Qxh3 0-1

[Event "Staatsliga B/Ost"]
[Site "Lackenbach"]
[Date "1998.10.17"]
[Round "1.5"]
[White "Beckhuis, Gernot"]
[Black "Rudolf, Herbert"]
[Result "1/2-1/2"]
[WhiteElo "2245"]
[BlackElo "2190"]
[PlyCount "97"]
[EventDate "1998.10.17"]

1. Nf3 c5 2. c4 Nf6 3. Nc3 e6 4. g3 b6 5. Bg2 Bb7 6. O-O Be7 7. Re1 d5 8. cxd5
Nxd5 9. e4 Nxc3 10. bxc3 O-O 11. d4 cxd4 12. cxd4 Nc6 13. Bb2 Bf6 14. Re2 Rc8
15. d5 exd5 16. exd5 Na5 17. Ne5 Nc4 18. Nxc4 Rxc4 19. Rc1 Rxc1 20. Bxc1 Qd7
21. Bf4 g5 22. Be5 Bxe5 23. Rxe5 f6 24. Re3 Rd8 25. Rd3 Qf5 26. d6 Bxg2 27.
Kxg2 g4 28. Rd4 h5 29. d7 Kg7 30. Kg1 b5 31. Rd5 Qe6 32. Qd2 a6 33. Qd3 f5 34.
Qd2 Kf7 35. Rd6 Qe4 36. Rd3 Qe6 37. Rd6 Qe4 38. Rd3 Qe6 39. a3 a5 40. Rd4 Qe5
41. h4 gxh3 42. Kh2 Qe6 43. Kxh3 b4 44. axb4 axb4 45. Rd6 Qe4 46. Kh2 h4 47.
Qh6 hxg3+ 48. fxg3 Qe2+ 49. Kg1 1/2-1/2

[Event "Staatsliga B/Ost"]
[Site "Lackenbach"]
[Date "1998.10.17"]
[Round "1.6"]
[White "Herndlbauer, Martin"]
[Black "Reschun, Sascha"]
[Result "0-1"]
[WhiteElo "2155"]
[BlackElo "2270"]
[PlyCount "88"]
[EventDate "1998.10.17"]

1. d4 d5 2. c4 e5 3. dxe5 d4 4. Nf3 Nc6 5. g3 Be6 6. Nbd2 Qd7 7. Bg2 Bh3 8.
Bxh3 Qxh3 9. Nb3 O-O-O 10. Bd2 f6 11. Na5 Nxe5 12. Qb3 b6 13. Nxe5 fxe5 14. Nc6
Qg2 15. Qf3 Qxf3 16. exf3 Re8 17. b4 a6 18. a4 Ne7 19. Nxe7+ Bxe7 20. Ke2 Rhf8
21. b5 a5 22. Rab1 d3+ 23. Kxd3 e4+ 24. Kc2 Bc5 25. Be3 Bxe3 26. fxe3 exf3 27.
Kd3 g5 28. g4 f2 29. Rhf1 Rf3 30. Rb2 Rfxe3+ 31. Kd4 R8e4+ 32. Kd5 Rxg4 33.
Rbxf2 Rd3+ 34. Ke5 Rxc4 35. Rf8+ Rd8 36. Rxd8+ Kxd8 37. Ke6 Rf4 38. Rd1+ Kc8
39. Ke7 Rxa4 40. Rd8+ Kb7 41. Rg8 h6 42. Rg6 Rh4 43. Rc6 Rxh2 44. Kd8 Rd2+ 0-1

[Event "Staatsliga B/Ost"]
[Site "Lackenbach"]
[Date "1998.10.17"]
[Round "1.1"]
[White "Palkoevi, Jozsef"]
[Black "Tibensky, Robert"]
[Result "1-0"]
[WhiteElo "2435"]
[BlackElo "2410"]
[PlyCount "55"]
[EventDate "1998.10.17"]

1. e4 e6 2. d4 d5 3. Nc3 Nf6 4. Bg5 Bb4 5. exd5 Qxd5 6. Bxf6 gxf6 7. Nge2 Nc6
8. Qd2 Bxc3 9. Nxc3 Qxd4 10. Qxd4 Nxd4 11. O-O-O Nc6 12. Nb5 O-O 13. Nxc7 Rb8
14. Bb5 Ne7 15. Ne8 f5 16. Rd8 a6 17. Nf6+ Kg7 18. Nh5+ Kg8 19. Rhd1 Nd5 20.
Be8 b5 21. Rd3 f6 22. Ng3 Ne7 23. Re3 Bb7 24. Nh5 a5 25. Nxf6+ Rxf6 26. Rg3+
Rg6 27. Bxg6+ Kg7 28. Rxb8 1-0

[Event "Staatsliga B/Ost"]
[Site "Lackenbach"]
[Date "1998.10.17"]
[Round "1.2"]
[White "Neubauer, Martin"]
[Black "Rumpl, Erwin"]
[Result "1/2-1/2"]
[WhiteElo "2305"]
[BlackElo "2210"]
[PlyCount "69"]
[EventDate "1998.10.17"]

1. e4 c6 2. c4 d5 3. exd5 cxd5 4. cxd5 Nf6 5. Nc3 Nxd5 6. Nf3 e6 7. Bc4 Be7 8.
O-O O-O 9. d4 a6 10. Re1 Nxc3 11. bxc3 b5 12. Bb3 Bb7 13. h4 Bd5 14. Bc2 Nd7
15. Ng5 Bxg5 16. hxg5 f5 17. Bb3 Re8 18. Bf4 Nb6 19. Qh5 Qd7 20. g6 hxg6 21.
Qxg6 Rac8 22. Bd2 Qf7 23. Qg5 Qf6 24. Qg3 Nc4 25. Bf4 Kf7 26. a4 Qg6 27. axb5
Qxg3 28. Bxg3 axb5 29. Ra7+ Re7 30. Rea1 g5 31. Rxe7+ Kxe7 32. Ra7+ Kf6 33.
Bxc4 Rxc4 34. Be5+ Kg6 35. Ra3 1/2-1/2

[Event "Staatsliga B/Ost"]
[Site "Lackenbach"]
[Date "1998.10.17"]
[Round "1.3"]
[White "Wadsack, Wolfgang"]
[Black "Fusi, Christoph"]
[Result "0-1"]
[WhiteElo "2180"]
[BlackElo "2250"]
[PlyCount "80"]
[EventDate "1998.10.17"]

1. e4 c6 2. d4 d5 3. exd5 cxd5 4. c4 Nf6 5. Nc3 Nc6 6. Bg5 Be6 7. Qd2 Qd7 8.
Bxf6 gxf6 9. Nf3 O-O-O 10. O-O-O h5 11. Nh4 Bh6 12. f4 dxc4 13. d5 Ne5 14. Qd4
Kb8 15. Bxc4 Nxc4 16. Qxc4 Bg4 17. Rde1 e5 18. g3 Rc8 19. Qe4 exf4 20. gxf4
Rhe8 21. Qd4 Qd6 22. Rxe8 Qxf4+ 23. Qxf4+ Bxf4+ 24. Kc2 Rxe8 25. Rf1 Bxh2 26.
Rxf6 Re7 27. d6 Rd7 28. Ne4 Be5 29. Rh6 b6 30. Nf6 Rxd6 31. Nxg4 hxg4 32. Rxd6
Bxd6 33. Kd3 Kc7 34. Ke4 g3 35. Ng2 Kc6 36. b3 Kc5 37. Kd3 f5 38. a3 Kd5 39. a4
f4 40. Nh4 Bc5 0-1

[Event "Staatsliga B/Ost"]
[Site "Lackenbach"]
[Date "1998.10.17"]
[Round "1.4"]
[White "Zetthofer, Gerald"]
[Black "Gugler, Edgar"]
[Result "1-0"]
[WhiteElo "2210"]
[BlackElo "2220"]
[PlyCount "51"]
[EventDate "1998.10.17"]

1. Nf3 Nf6 2. d4 d5 3. c4 c6 4. Nc3 g6 5. Bf4 dxc4 6. e4 b5 7. Qc2 Bb7 8. Rd1
Qa5 9. a3 Bg7 10. Be2 O-O 11. h4 c5 12. Bd2 b4 13. e5 cxd4 14. axb4 Qd8 15.
Bxc4 dxc3 16. Bxc3 Qc8 17. exf6 Bxf6 18. Bxf6 exf6 19. h5 Qg4 20. hxg6 hxg6 21.
Kf1 Be4 22. Qe2 Nc6 23. Rd6 Ne5 24. Qe3 Nxf3 25. Qh6 Nh4 26. Rxh4 1-0

[Event "Staatsliga B/Ost"]
[Site "Lackenbach"]
[Date "1998.10.17"]
[Round "1.5"]
[White "Bachmayer, Josef"]
[Black "Chulis, Alexander"]
[Result "1/2-1/2"]
[WhiteElo "2160"]
[BlackElo "2125"]
[PlyCount "98"]
[EventDate "1998.10.17"]

1. d4 Nf6 2. Nc3 d5 3. Bg5 Bf5 4. Bxf6 exf6 5. e3 c6 6. Bd3 Bxd3 7. Qxd3 Bd6 8.
Nf3 Nd7 9. e4 dxe4 10. Nxe4 Qa5+ 11. c3 Bc7 12. O-O O-O 13. Rfe1 Rad8 14. Qc4
Qh5 15. Ng3 Bxg3 16. hxg3 Nb6 17. Qb3 Rd7 18. Re4 Qd5 19. Rae1 Qxb3 20. axb3 g6
21. g4 Rfd8 22. Re8+ Kg7 23. Kf1 Nd5 24. g3 h6 25. R1e4 Nc7 26. Rxd8 Rxd8 27.
Re7 Rc8 28. Nd2 Kf8 29. Re1 Re8 30. Ne4 Re6 31. f3 Ne8 32. Kf2 Nd6 33. Nxd6
Rxd6 34. Ra1 a6 35. Ke3 Rd5 36. c4 Rg5 37. b4 f5 38. gxf5 Rxg3 39. fxg6 fxg6
40. b5 axb5 41. cxb5 Rg2 42. bxc6 bxc6 43. Rc1 Rxb2 44. Rxc6 Kf7 45. d5 Rb1 46.
Kf4 Rd1 47. Rc7+ Kf6 48. Rc6+ Kf7 49. Rc7+ Kf6 1/2-1/2

[Event "Staatsliga B/Ost"]
[Site "Lackenbach"]
[Date "1998.10.17"]
[Round "1.6"]
[White "Somasundram, Jayakumar"]
[Black "Wadsack, Winfried"]
[Result "0-1"]
[WhiteElo "2090"]
[BlackElo "2130"]
[PlyCount "108"]
[EventDate "1998.10.17"]

1. e4 d5 2. exd5 Nf6 3. d4 Nxd5 4. c4 Nb6 5. Nf3 g6 6. Nc3 Bg7 7. c5 Nd5 8. Bc4
c6 9. Qb3 e6 10. Ne4 O-O 11. Nd6 Qc7 12. O-O Nd7 13. Be3 b6 14. Nxc8 Raxc8 15.
cxb6 axb6 16. Rfc1 Nxe3 17. fxe3 Qd6 18. a4 Ra8 19. Qa3 Qxa3 20. Rxa3 Rfd8 21.
Ng5 c5 22. Rf1 Nf6 23. dxc5 bxc5 24. a5 h6 25. Nf3 Nd5 26. e4 Nb4 27. e5 Nc6
28. a6 Ra7 29. Re1 Rb8 30. b3 Kf8 31. Kf2 Ke7 32. Raa1 Rd8 33. Rac1 Nb4 34. Bb5
Rc8 35. Nd4 Rcc7 36. Nf3 Rc8 37. Red1 Rcc7 38. Ra1 Nd5 39. Rd2 Nc3 40. Bd3 g5
41. h3 Nd5 42. Be4 Nb4 43. Bb7 Nc6 44. Rc1 Na5 45. Nd4 Nxb7 46. Nb5 Na5 47.
Nxa7 Rxa7 48. Rxc5 Nxb3 49. Rb5 Nxd2 50. Rb7+ Rxb7 51. axb7 Bxe5 52. Ke3 Nc4+
53. Kf3 f5 54. g4 Na5 0-1

[Event "Staatsliga B/Ost"]
[Site "Lackenbach"]
[Date "1998.10.17"]
[Round "1.1"]
[White "Pingitzer, Harald"]
[Black "Vavrak, Peter"]
[Result "0-1"]
[WhiteElo "2300"]
[BlackElo "2200"]
[PlyCount "100"]
[EventDate "1998.10.17"]

1. d4 e6 2. Nf3 Nf6 3. c4 b6 4. g3 Ba6 5. Nbd2 Bb7 6. Bg2 c5 7. O-O Be7 8. b3
O-O 9. Bb2 cxd4 10. Nxd4 Bxg2 11. Kxg2 d5 12. e3 Qd7 13. Qf3 Nc6 14. Nxc6 Qxc6
15. Rac1 Rac8 16. Bxf6 Bxf6 17. cxd5 Qxd5 18. Qxd5 exd5 19. Nf3 Rc5 20. Rfd1
Rfc8 21. Rxc5 Rxc5 22. Nd4 Kf8 23. Kf3 Ke7 24. b4 Rc4 25. b5 Bxd4 26. Rxd4 Kd6
27. Rd3 Ra4 28. Rd4 Rc4 29. Rd3 Ra4 30. Rd4 Ra3 31. g4 h6 32. h4 f6 33. h5 Kc5
34. Kf4 Rxa2 35. Kf5 Rxf2+ 36. Kg6 Rf3 37. Kxg7 Rxe3 38. Rf4 Re4 39. Rxf6 Rxg4+
40. Rg6 Rh4 41. Kxh6 d4 42. Rg8 d3 43. Rd8 Rd4 44. Rc8+ Kb4 45. Rc1 d2 46. Rd1
Kc3 47. Kg7 Kc2 48. Rg1 d1=Q 49. Rxd1 Rxd1 50. h6 Kc3 0-1

[Event "Staatsliga B/Ost"]
[Site "Lackenbach"]
[Date "1998.10.17"]
[Round "1.2"]
[White "Hardt, Christian"]
[Black "Kummer, Helmut"]
[Result "0-1"]
[WhiteElo "2135"]
[BlackElo "2315"]
[PlyCount "72"]
[EventDate "1998.10.17"]

1. e4 c5 2. c3 Nf6 3. e5 Nd5 4. d4 cxd4 5. cxd4 e6 6. Nf3 d6 7. Bc4 Nb6 8. Bb3
Nc6 9. O-O Bd7 10. Nc3 d5 11. a3 Be7 12. Qd3 a6 13. Re1 Rc8 14. Bf4 Na5 15. Ba2
Nac4 16. Re2 O-O 17. Rae1 g6 18. h4 Bxh4 19. g3 Be7 20. Kg2 f5 21. exf6 Bxf6
22. Ne5 Nxe5 23. Rxe5 Bxe5 24. Bxe5 Nc4 25. Bxc4 dxc4 26. Qd2 Bc6+ 27. Ne4 Rf5
28. Qh6 Qf8 29. Qd2 Rd8 30. Qc2 b5 31. f4 Rh5 32. Kg1 Re8 33. Re2 Bxe4 34. Qxe4
Qf5 35. Qc6 Qb1+ 36. Kf2 Rh2+ 0-1

[Event "Staatsliga B/Ost"]
[Site "Lackenbach"]
[Date "1998.10.17"]
[Round "1.3"]
[White "Sandhu, Mario"]
[Black "Wais, Michael"]
[Result "1-0"]
[WhiteElo "2190"]
[BlackElo "2085"]
[PlyCount "69"]
[EventDate "1998.10.17"]

1. e3 f5 2. b3 Nf6 3. Bb2 b6 4. Qf3 Nc6 5. Bxf6 exf6 6. Qxf5 Qe7 7. c3 Bb7 8.
d4 O-O-O 9. Nd2 g6 10. Qc2 f5 11. O-O-O Kb8 12. Ngf3 Bg7 13. Bd3 d5 14. h4 Na5
15. b4 c5 16. bxa5 Rc8 17. Qb2 c4 18. Bc2 bxa5 19. Ba4 Ka8 20. Nb1 Bc6 21.
Bxc6+ Rxc6 22. Qb5 Qd6 23. Qa4 Rb8 24. Na3 Rcb6 25. Nc2 Rb1+ 26. Kd2 R1b2 27.
Ne5 Bxe5 28. dxe5 Qxe5 29. Qc6+ R8b7 30. Rb1 Rxc2+ 31. Kd1 Rc1+ 32. Rxc1 Qe4
33. Ke2 f4 34. Rhd1 f3+ 35. gxf3 1-0

[Event "Staatsliga B/Ost"]
[Site "Lackenbach"]
[Date "1998.10.17"]
[Round "1.4"]
[White "Angerer, Michael"]
[Black "Holzer, Gerhard"]
[Result "0-1"]
[WhiteElo "2085"]
[BlackElo "2255"]
[PlyCount "78"]
[EventDate "1998.10.17"]

1. e4 d6 2. Nf3 g6 3. Bc4 Bg7 4. c3 c6 5. Bb3 Nf6 6. d3 Nbd7 7. Bxf7+ Kxf7 8.
Qb3+ d5 9. Be3 Kg8 10. c4 e6 11. Nc3 h6 12. cxd5 cxd5 13. exd5 Nxd5 14. Nxd5
exd5 15. Qxd5+ Kh7 16. h4 Nb6 17. Qb3 Bg4 18. Ng5+ hxg5 19. hxg5+ Bh5 20. g4
Qd5 21. Qxd5 Nxd5 22. gxh5 gxh5 23. Rxh5+ Kg6 24. Rxh8 Rxh8 25. O-O-O a6 26. a3
Rh2 27. d4 Kf5 28. Rd3 Bf8 29. b4 Be7 30. b5 Nxe3 31. fxe3 Ke4 32. Rb3 a5 33.
g6 Rg2 34. b6 Rxg6 35. Rb5 Bxa3+ 36. Kc2 Rg2+ 37. Kb1 Bb4 38. Re5+ Kd3 39. d5
Bc3 0-1

[Event "Staatsliga B/Ost"]
[Site "Lackenbach"]
[Date "1998.10.17"]
[Round "1.5"]
[White "Schuh, Franz"]
[Black "Simon, Walter"]
[Result "1-0"]
[WhiteElo "2265"]
[BlackElo "2070"]
[PlyCount "125"]
[EventDate "1998.10.17"]

1. d4 Nf6 2. c4 g6 3. Nc3 Bg7 4. e4 d6 5. Nf3 O-O 6. Be2 e5 7. O-O Nc6 8. d5
Ne7 9. Ne1 Nd7 10. f3 f5 11. exf5 Nxf5 12. Nd3 a5 13. Nf2 Nc5 14. Nfe4 b6 15.
Rb1 Bd7 16. b3 h6 17. a3 Nd4 18. Be3 Qe7 19. b4 axb4 20. axb4 Nxe4 21. fxe4 Qh4
22. Rxf8+ Bxf8 23. g3 Qe7 24. Ra1 Rxa1 25. Qxa1 Nxe2+ 26. Nxe2 Bg4 27. Nc3 Qd7
28. Qf1 Bg7 29. h4 Kh7 30. Kh2 Qe7 31. Qf2 g5 32. hxg5 hxg5 33. Ne2 Kg6 34. Ng1
Bf6 35. Kg2 Qh7 36. Qd2 Kh6 37. Qc2 Kg6 38. c5 bxc5 39. bxc5 dxc5 40. Qxc5 Kh6
41. Qc2 Kg6 42. Bd2 Qd7 43. Ba5 Bd8 44. Qc4 Qd6 45. Qc3 Bd1 46. Nf3 Bxf3+ 47.
Kxf3 Kf6 48. Bb4 Qa6 49. Qc6+ Qxc6 50. dxc6 g4+ 51. Kxg4 Kg6 52. Ba3 Kf6 53.
Kh5 Kg7 54. g4 Kh7 55. Bb2 Bf6 56. g5 Bg7 57. Ba3 Kg8 58. Bd6 Kf7 59. Bxc7 Ke6
60. Kg6 Bf8 61. Bxe5 Bc5 62. c7 Kd7 63. Kf7 1-0

[Event "Staatsliga B/Ost"]
[Site "Lackenbach"]
[Date "1998.10.17"]
[Round "1.1"]
[White "Vlcek, Stanislav"]
[Black "Polak, Thomas"]
[Result "1/2-1/2"]
[WhiteElo "2185"]
[BlackElo "2525"]
[PlyCount "35"]
[EventDate "1998.10.17"]

1. e4 c5 2. Nf3 d6 3. d4 cxd4 4. Nxd4 Nf6 5. Nc3 a6 6. f4 e5 7. Nf3 Qc7 8. a4
Be7 9. Bd3 Nc6 10. O-O Nb4 11. Kh1 O-O 12. Qe1 Rd8 13. a5 exf4 14. Bxf4 Qc5 15.
Be3 Qh5 16. Ne2 Nxd3 17. cxd3 Bd7 18. Nf4 1/2-1/2

[Event "Staatsliga B/Ost"]
[Site "Lackenbach"]
[Date "1998.10.17"]
[Round "1.2"]
[White "Groetz, Harald"]
[Black "Bachofner, Andreas"]
[Result "1-0"]
[WhiteElo "2225"]
[BlackElo "2165"]
[PlyCount "77"]
[EventDate "1998.10.17"]

1. e4 e6 2. d4 d5 3. Nd2 Nf6 4. e5 Nfd7 5. c3 c5 6. Bd3 Nc6 7. Ne2 cxd4 8. cxd4
f6 9. exf6 Nxf6 10. Nf3 Bd6 11. O-O O-O 12. Bg5 Qc7 13. Nc3 a6 14. Bh4 g6 15.
Rc1 Qg7 16. Bg3 Bxg3 17. hxg3 Ng4 18. Be2 Nh6 19. Qd2 Nf5 20. Rfd1 Qf6 21. Bf1
Bd7 22. b3 Rac8 23. Rc2 Nb4 24. Rb2 Nc6 25. Na4 Rcd8 26. Nc5 Bc8 27. Rc2 Nd6
28. Qg5 Ne4 29. Nxe4 dxe4 30. Qxf6 Rxf6 31. Ng5 Rff8 32. Rcd2 b5 33. Nxe4 Rd5
34. a4 bxa4 35. bxa4 Ra5 36. Rc1 Ne7 37. Nc5 Rd8 38. Rdc2 Bd7 39. Nb7 1-0

[Event "Staatsliga B/Ost"]
[Site "Lackenbach"]
[Date "1998.10.17"]
[Round "1.3"]
[White "Bachofner, Christian"]
[Black "Voegel, Wolfgang"]
[Result "0-1"]
[WhiteElo "2050"]
[BlackElo "2230"]
[PlyCount "68"]
[EventDate "1998.10.17"]

1. e4 c5 2. Nf3 Nc6 3. d4 cxd4 4. Nxd4 e5 5. Nb5 d6 6. N1c3 a6 7. Na3 b5 8. Nd5
Rb8 9. c3 Be7 10. Nc2 Nf6 11. Bd3 Nxd5 12. exd5 Na5 13. O-O O-O 14. Nb4 f5 15.
a4 Qc7 16. axb5 axb5 17. Re1 Bd8 18. f3 Qf7 19. Be3 Kh8 20. b3 Bd7 21. Re2 Rc8
22. Rea2 Rxc3 23. Bd2 Bb6+ 24. Kh1 Rcc8 25. Rxa5 Bxa5 26. Rxa5 e4 27. Bxb5 Bxb5
28. Rxb5 Qf6 29. f4 Qd4 30. Nc6 Qd3 31. Rb7 e3 32. Qa1 Rf6 33. Bc3 e2 34. Bxf6
Qd1+ 0-1

[Event "Staatsliga B/Ost"]
[Site "Lackenbach"]
[Date "1998.10.17"]
[Round "1.4"]
[White "Wiedermann, Franz"]
[Black "Steinert, Martin"]
[Result "1-0"]
[WhiteElo "2175"]
[BlackElo "2145"]
[PlyCount "79"]
[EventDate "1998.10.17"]

1. d4 Nf6 2. c4 c6 3. Nc3 d5 4. cxd5 cxd5 5. Nf3 Nc6 6. Bf4 e6 7. e3 Be7 8. Ne5
Qb6 9. a3 O-O 10. Bd3 Re8 11. Na4 Qd8 12. Nxc6 bxc6 13. O-O Nd7 14. Qc2 Nf8 15.
Qxc6 Bd7 16. Qa6 h5 17. Rfc1 g5 18. Bc7 Qc8 19. Qa5 Bd8 20. Ba6 Bxc7 21. Rxc7
Qd8 22. Rac1 Re7 23. Qc5 Ng6 24. Nc3 Be8 25. Rxe7 Qxe7 26. b4 Kf8 27. e4 dxe4
28. Nxe4 Rd8 29. Nxg5 Rd5 30. Qxe7+ Nxe7 31. Nf3 Nc6 32. Rc4 Nb8 33. Bb7 Rb5
34. Be4 Rb6 35. Rc5 f6 36. h4 Nd7 37. Ra5 a6 38. Nd2 Rd6 39. d5 f5 40. Nc4 1-0

[Event "Staatsliga B/Ost"]
[Site "Lackenbach"]
[Date "1998.10.17"]
[Round "1.6"]
[White "Pernerstorfer, Johannes"]
[Black "Hofbauer, Peter"]
[Result "1/2-1/2"]
[WhiteElo "2115"]
[BlackElo "2100"]
[PlyCount "39"]
[EventDate "1998.10.17"]

1. d4 d5 2. Nf3 g6 3. g3 Nf6 4. Bg2 Bg7 5. O-O O-O 6. c4 c6 7. cxd5 cxd5 8. Nc3
Nc6 9. Ne5 e6 10. Bg5 Qb6 11. Nxc6 Qxc6 12. Rc1 Qd7 13. e3 b6 14. Qe2 Bb7 15.
Rc2 Rfc8 16. Rfc1 Ne8 17. Bf4 h6 18. h4 Qd8 19. Qg4 Ba6 20. Bf1 1/2-1/2

[Event "Staatsliga B/Ost"]
[Site "Lackenbach"]
[Date "1998.10.17"]
[Round "1.1"]
[White "Neulinger, Manfred"]
[Black "Knoflicek, Ctibor"]
[Result "1/2-1/2"]
[WhiteElo "2270"]
[BlackElo "2165"]
[PlyCount "85"]
[EventDate "1998.10.17"]

1. e4 c6 2. d4 d5 3. e5 Bf5 4. c4 e6 5. Nc3 Nd7 6. h4 h5 7. Bg5 Be7 8. Qd2 dxc4
9. Bxc4 Nb6 10. Bb3 Bxg5 11. hxg5 Ne7 12. Nge2 Qd7 13. Ng3 O-O-O 14. O-O-O h4
15. Nge4 Bxe4 16. Nxe4 Nf5 17. Rh3 Kb8 18. Rd3 Qe7 19. Kb1 Nd5 20. a3 Nc7 21.
Bc4 b6 22. Qf4 Rd7 23. Nc3 Rhd8 24. g4 hxg3 25. fxg3 Qf8 26. g4 Ne7 27. Rf1 Ng6
28. Qe4 Nd5 29. Bxd5 cxd5 30. Qe2 a6 31. Rdf3 Kb7 32. Na4 Ka7 33. Qd3 Qe8 34.
Qb3 Rb8 35. Nc3 Rc7 36. Qc2 Rbb7 37. Qf2 Qh8 38. Qe3 Qh4 39. Rg1 Qh8 40. Rgf1
Qh4 41. Rg1 Qh8 42. Rgf1 Qh4 43. Rg1 1/2-1/2